Decision support systems for management science/operations research / (Record no. 146610)

MARC details
000 -LEADER
fixed length control field 00737nam a2200241 a 4500
008 - FIXED-LENGTH DATA ELEMENTS--GENERAL INFORMATION
fixed length control field
020 ## - INTERNATIONAL STANDARD BOOK NUMBER
International Standard Book Number 0256094136 (pbk.)
049 ## - LOCAL HOLDINGS (OCLC)
Holding library MAIN
090 ## - LOCALLY ASSIGNED LC-TYPE CALL NUMBER (OCLC); LOCAL CALL NUMBER (RLIN)
Classification number (OCLC) (R) ; Classification number, CALL (RLIN) (NR) HD30.213
Local cutter number (OCLC) ; Book number/undivided call number, CALL (RLIN) LOT
003 - CONTROL NUMBER IDENTIFIER
control field
005 - DATE AND TIME OF LATEST TRANSACTION
control field 20230123133325.0
040 ## - CATALOGING SOURCE
Transcribing agency NUST
100 1# - MAIN ENTRY--PERSONAL NAME
Personal name Lotfi, Vahid.
245 10 - TITLE STATEMENT
Title Decision support systems for management science/operations research /
Statement of responsibility, etc. Vahdi Lotfi and C. Carl Pegels.
250 ## - EDITION STATEMENT
Edition statement 2nd ed.
260 ## - PUBLICATION, DISTRIBUTION, ETC.
Place of publication, distribution, etc. Homewood :
Name of publisher, distributor, etc. Irwin,
Date of publication, distribution, etc. c1992.
300 ## - PHYSICAL DESCRIPTION
Extent vii, 399 p. :
Other physical details ill. ;
Dimensions 28 cm.
650 #0 - SUBJECT ADDED ENTRY--TOPICAL TERM
Topical term or geographic name entry element Management science
General subdivision Data processing.
650 #0 - SUBJECT ADDED ENTRY--TOPICAL TERM
Topical term or geographic name entry element Decision support systems.
700 1# - ADDED ENTRY--PERSONAL NAME
Personal name Pegels, C. Carl.
907 ## - LOCAL DATA ELEMENT G, LDG (RLIN)
a .b1000970x
b 10-04-18
c 17-04-03
942 ## - ADDED ENTRY ELEMENTS (KOHA)
Koha item type Ordinary Loan Books
Call number prefix HD30.213
Call number suffix LOT
Holdings
Date last seen Total Checkouts Full call number Barcode Cost, replacement price Price effective from Koha item type Lost status Source of classification or shelving scheme Damaged status Not for loan Collection Withdrawn status Home library Current library Shelving location Date acquired Cost, normal purchase price
01/23/2023 16 HD30.213 LOT 92003002021 80.00 01/23/2023 BOOKS   lcc   1 NFIC   MAIN MAIN GEN 01/23/2023 80.00